Introduction to polymer science and chemistry : a problem-solving approach

Guardado en:
Detalles Bibliográficos
Autor principal: Chanda, Manas
Formato: Sách
Lenguaje:Undetermined
Publicado: CRC Press, Taylor & Francis Group 2013
Materias:
Etiquetas: Agregar Etiqueta
Sin Etiquetas, Sea el primero en etiquetar este registro!
Thư viện lưu trữ: Trung tâm Thư viện - Trường Đại học Công nghiệp TP. Hồ Chí Minh
LEADER 00514nam a2200157Ia 4500
001 UIH_00172
008 230809s9999 xx 000 0 und d
082 |a 547.7 
100 |a Chanda, Manas 
245 0 |a Introduction to polymer science and chemistry : a problem-solving approach 
245 0 |c Chanda, Manas 
260 |b CRC Press, Taylor & Francis Group 
260 |c 2013 
650 |a Polymers;Polymers; 
927 |a Sách 
980 |a Trung tâm Thư viện - Trường Đại học Công nghiệp TP. Hồ Chí Minh